书目信息 |
| 题名: |
新中国和日本关系史
|
|
| 作者: | 张历历 著 | |
| 分册: | ||
| 出版信息: | 上海 上海人民出版社 2011.08 |
|
| 页数: | 350页 | |
| 开本: | 23cm | |
| 丛书名: | ||
| 单 册: | ||
| 中图分类: | D829.313 | |
| 科图分类: | ||
| 主题词: | 中日关系--国际关系史--研究--1949-2010 , 中日关系 , 国际关系史 | |
| 电子资源: | ||
| ISBN: | 978-7-208-10110-4 | |
| 000 | 00865nam0 2200253 450 | |
| 001 | 010700113996 | |
| 005 | 20120612085249.21 | |
| 010 | @a978-7-208-10110-4@dCNY45.00 | |
| 100 | @a20111017d2011 em y0chiy50 ea | |
| 101 | 0 | @achi |
| 102 | @aCN@b310000 | |
| 105 | @ay z 000yy | |
| 106 | @ar | |
| 200 | 1 | @a新中国和日本关系史@9xin zhong guo he ri ben guan xi shi@e1949-2010@f张历历著 |
| 210 | @a上海@c上海人民出版社@d2011.08 | |
| 215 | @a350页@d23cm | |
| 330 | @a本书共分为十章,主要内容包括:中华人民共和国成立对国际关系的影响;新中国成立前后的中日民间关系;1958年中日关系遭受严重挫折;中日关系进入半官半民阶段等。 | |
| 606 | 0 | @a中日关系@x国际关系史@x研究@z1949-2010 |
| 606 | 0 | @a中日关系 |
| 606 | 0 | @a国际关系史 |
| 690 | @aD829.313@v4 | |
| 701 | 0 | @a张历历@9zhang li li@4著 |
| 801 | 0 | @aCN@bRENTIAN@c20111017 |
| 905 | @b539484-88@dD829.313@e117@f5 | |
| 新中国和日本关系史:1949-2010/张历历著.-上海:上海人民出版社,2011.08 |
| 350页;23cm |
| ISBN 978-7-208-10110-4:CNY45.00 |
| 本书共分为十章,主要内容包括:中华人民共和国成立对国际关系的影响;新中国成立前后的中日民间关系;1958年中日关系遭受严重挫折;中日关系进入半官半民阶段等。 |
| ● |
| 相关链接 |
|
|
|
|
正题名:新中国和日本关系史
索取号:D829.313/117
 
预约/预借
| 序号 | 登录号 | 条形码 | 馆藏地/架位号 | 状态 | 备注 |
| 1 | 539484 | 205394848 | 第一样本阅览室/ [索取号:D829.313/117] | 在馆 | |
| 2 | 539485 | 205394857 | 第一借阅区/ [索取号:D829.313/117] | 在馆 | |
| 3 | 539486 | 205394866 | 第一借阅区/ [索取号:D829.313/117] | 在馆 | |
| 4 | 539487 | 205394875 | 第一借阅区/ [索取号:D829.313/117] | 在馆 | |
| 5 | 539488 | 205394884 | 第一借阅区/ [索取号:D829.313/117] | 在馆 |